| 000 | 00802cam a2200229 i 4500 | ||
|---|---|---|---|
| 999 |
_c3923 _d3923 |
||
| 003 | ALUPE UNIVERSITY COLLEGE | ||
| 005 | 20220222054930.0 | ||
| 008 | 800905s1980 sz a b 001 0 eng | ||
| 020 | _a0815188552 (Year Book) | ||
| 040 | _cDLC | ||
| 050 | 0 | 0 |
_aRD82.5 _b.T73 1980 |
| 100 | 1 | _aTschirren, Bruno. | |
| 245 | 1 | 0 |
_aAnesthetic complications : _betiology, prophylaxis, and treatment / _cBruno Tschirren. |
| 260 |
_aBern : _bH. Huber Publishers ; _aChicago : _bdistributed by Year Book Medical Publishers, _cc1980. |
||
| 300 |
_a199 p. : _bill. ; _c23 cm. |
||
| 500 | _a"A Hans Huber medical publication." | ||
| 500 | _aIncludes index. | ||
| 504 | _aBibliography: p. 171-192. | ||
| 650 | 0 |
_aAnesthesia _xComplications. |
|
| 906 |
_a7 _bcbc _corignew _du _eopcn _f19 _gy-gencatlg |
||
| 942 |
_2lcc _cBK |
||